| 000 | 01903cam a2200373Ia 4500 | ||
|---|---|---|---|
| 001 | CRC0KE20092PDF | ||
| 003 | BD-DhSAU | ||
| 005 | 20151012144258.0 | ||
| 006 | m|||||o||d|||||||| | ||
| 007 | cr|||| | ||
| 008 | 120720s2012 ne abcd sb 001 0 eng d | ||
| 020 | _a9780203106259 (ebook : PDF) | ||
| 040 |
_aBD-DhSAU _cBD-DhSAU |
||
| 090 |
_aS619.W38 _bO94 2012 |
||
| 092 |
_a628.1 _bO971 |
||
| 100 | 1 | _aOweis, Theib Yousef. | |
| 245 | 1 | 0 |
_aWater harvesting for agriculture in the dry areas _h[electronic resource] / _cTheib Y. Oweis, Dieter Prinz, Ahmed Y. Hachum. |
| 260 |
_aLeiden, The Netherlands ; _aBoca Raton, Fla. : _bCRC Press, _cc2012. |
||
| 300 |
_axviii, 262 p. : _bill. (some col.), maps (some col.), ports. |
||
| 500 | _a"A Balkema book." | ||
| 504 | _aIncludes bibliographical references (p. [217]-226) and index. | ||
| 505 | 0 | _a1. Principles and practices of water harvesting -- 2. Hydrological aspects of water harvesting -- 3. Methods and techniques in water harvesting -- 4. Runoff inducement methods -- 5. Identification of areas suitable for water harvesting -- 6. Planning and design of water harvesting systems -- 7. Storage of harvested water -- 8. Implementation, operation, and maintenance of water harvesting systems -- 9. Socioeconomic issues -- 10. Water quality and environmental considerations. | |
| 530 | _aAlso available in print edition. | ||
| 538 | _aMode of access: World Wide Web. | ||
| 650 | 0 | _aWater harvesting. | |
| 650 | 0 | _aRainwater. | |
| 650 | 0 | _aArid regions agriculture. | |
| 650 | 0 | _aWater-supply, Agricultural. | |
| 655 | 7 |
_aElectronic books. _2lcsh |
|
| 700 | 1 | _aPrinz, Dieter. | |
| 700 | 1 |
_aHachum, Ahmed Yousif, _d1945- |
|
| 776 | 1 | _z9780415621144 (hardback : alk. paper) | |
| 856 | 4 | 0 |
_uhttp://marc.crcnetbase.com/isbn/9780203106259 _qapplication/PDF |
| 999 |
_c10962 _d10961 |
||